Statistiche per Dove giocava nel 2010-2011? - Quiz n°26

Clicka qui per fare il quiz!

Statistiche generali

  • Questo quiz è stato fatto 12 volte
  • Il punteggio medio è 7 su 10

Statistiche sulle risposte

HintRisposta% Corretto
Radamel FalcaoPorto
92%
Neven SubotićBorussia Dortmund
83%
Davide AstoriCagliari
83%
Dimităr BerbatovManchester United
83%
MarceloReal Madrid
83%
Jesús NavasSiviglia
83%
Ricardo ÁlvarezVélez Sarsfield
83%
Marco BorrielloRoma
75%
Keylor NavasAlbacete
25%
Tomás RincónAmburgo
25%

Distribuzione punteggi

Percentile per numero di risposta

Percentuale di utenti per punteggio

I tuoi punteggi nel tempo

Non hai fatto questo quiz